|
|
|
|
| LEADER |
01748nam a2200409 a 4500 |
| 001 |
EBC1057839 |
| 003 |
MiAaPQ |
| 005 |
20200520144314.0 |
| 006 |
m o d | |
| 007 |
cr cn||||||||| |
| 008 |
120510s2012 txu sb 001 0 eng d |
| 010 |
|
|
|z 2012017593
|
| 020 |
|
|
|z 9781593325169 (hardcover alk. paper)
|
| 020 |
|
|
|a 9781593326036 (electronic bk.)
|
| 035 |
|
|
|a (MiAaPQ)EBC1057839
|
| 035 |
|
|
|a (Au-PeEL)EBL1057839
|
| 035 |
|
|
|a (CaPaEBR)ebr10583873
|
| 035 |
|
|
|a (OCoLC)808341447
|
| 040 |
|
|
|a MiAaPQ
|c MiAaPQ
|d MiAaPQ
|
| 043 |
|
|
|a n-us-ny
|
| 050 |
|
4 |
|a HG4930
|b .P48 2012
|
| 082 |
0 |
4 |
|a 364.16/8
|2 23
|
| 100 |
1 |
|
|a Peterson, Andrew,
|d 1978-
|
| 245 |
1 |
0 |
|a White collar crime in the mutual fund industry
|h [electronic resource] /
|c Andrew Peterson.
|
| 260 |
|
|
|a El Paso :
|b LFB Scholarly Pub.,
|c 2012.
|
| 300 |
|
|
|a viii, 163 p.
|
| 490 |
1 |
|
|a Criminal justice : recent scholarship
|
| 504 |
|
|
|a Includes bibliographical references and index.
|
| 505 |
0 |
|
|a Mutual funds, their history, and this scandal -- Cases from the mutual fund scandal -- Spitzer and the New York Attorney General's office -- Federal regulators and self-regulatory organizations -- Lessons learned.
|
| 533 |
|
|
|a Electronic reproduction. Ann Arbor, MI : ProQuest, 2015. Available via World Wide Web. Access may be limited to ProQuest affiliated libraries.
|
| 650 |
|
0 |
|a Mutual funds
|x Corrupt practices
|z New York (State)
|
| 650 |
|
0 |
|a Securities fraud
|z New York (State)
|
| 650 |
|
0 |
|a White collar crimes
|z New York (State)
|
| 655 |
|
4 |
|a Electronic books.
|
| 710 |
2 |
|
|a ProQuest (Firm)
|
| 830 |
|
0 |
|a Criminal justice (LFB Scholarly Publishing LLC)
|
| 856 |
4 |
0 |
|u https://ebookcentral.proquest.com/lib/matrademy/detail.action?docID=1057839
|z Click to View
|